Loading...
| Literature - British | 0 | 7 | 1 | 0 | 65 | 54 | 91.29 | 1 | 2 | 21.91 | 38.64 |
| Literature - World | 0 | 6 | 1 | 0 | 55 | 33 | 92.50 | 1 | 4 | 18.50 | 34.09 |
| Literature - American | 0 | 6 | 2 | 1 | 50 | 59 | 92.00 | 1 | 5 | 18.54 | 40.91 |
| Science - Physics | 0 | 5 | 0 | 1 | 50 | 44 | 64.60 | 0 | 4 | 20.20 | 32.95 |
| Philosophy | 0 | 5 | 0 | 2 | 50 | 88 | 109.80 | 0 | 3 | 3.33 | 21.59 |
| Fine Arts - Classical Music | 0 | 5 | 2 | 2 | 40 | 93 | 107.60 | 0 | 3 | 7.33 | 28.41 |
| Literature - European | 0 | 5 | 3 | 0 | 35 | 63 | 79.40 | 0 | 5 | 19.44 | 31.82 |
| Fine Arts - Other | 0 | 3 | 0 | 0 | 30 | 73 | 108.33 | 0 | 2 | 4.21 | 14.77 |
| Social Science | 0 | 3 | 0 | 1 | 30 | 99 | 112.67 | 0 | 0 | 0.91 | 6.82 |
| Mythology | 0 | 3 | 1 | 1 | 25 | 93 | 111.00 | 0 | 0 | 3.89 | 10.23 |
| Fine Arts - Painting and Sculpture | 0 | 3 | 1 | 1 | 25 | 66 | 96.00 | 0 | 1 | 7.23 | 13.64 |
| Religion | 0 | 3 | 1 | 1 | 25 | 72 | 93.33 | 0 | 1 | 7.70 | 15.91 |
| History - American | 0 | 3 | 1 | 0 | 25 | 75 | 85.33 | 0 | 1 | 8.96 | 15.91 |
| Science - Biology | 0 | 2 | 0 | 1 | 20 | 79 | 90.00 | 0 | 0 | 2.95 | 10.23 |
| Science - Chemistry | 0 | 2 | 0 | 0 | 20 | 20 | 21.50 | 1 | 2 | 14.36 | 13.64 |
| History - Other | 0 | 2 | 0 | 0 | 20 | 97 | 100.00 | 0 | 0 | 4.46 | 7.95 |
| Science - Other | 0 | 2 | 1 | 0 | 15 | 95 | 117.00 | 0 | 0 | 2.07 | 5.68 |
| History - World | 0 | 0 | 1 | 0 | -5 | 0.00 | 0 | 0 | 0.00 | 0.00 | |
| History - European | 0 | 0 | 1 | 0 | -5 | 0.00 | 0 | 0 | 0.00 | 0.00 |